000 00780nam a2200229 a 4500
005 20191224041624.0
008 140304b2000 ck |||||rm||| 00| 0 spa d
040 _aCO-BoIAVH
_cCO-BoIAVH
041 _aspa
044 _ack
090 _aTE
_b0121
100 _aRodríguez, Susana
245 _aEvaluación del impacto de la cosecha y propuestas de manejo de la Maraya (Geonoma orbignyana)
_buna palma usada como follaje
260 _aBogotá
_bUniversidad Nacional de Colombia. Faculdad de Ciencias
_c2000
300 _a153 Paginas
650 _aImpacto ambiental
650 _aManejo de biodiversidad
650 _aEcología de poblaciones
650 _aComercio de especies
700 _aOrjula, María Andrea
942 _cTESIS
_2z
999 _c2132
_d2132